Rozsypanka - miasta Polski #1 - Statystyki

Ogólne statystyki
  • Ten quiz został rozwiązany 147 razy
  • Średni wynik to 14 z 20
Statystyki odpowiedzi
Litery Miasto % Poprawnych
RTUŃO Toruń
100%
KŁE Ełk
99%
BELGĄL Elbląg
96%
IEKELC Kielce
96%
BTMOY Bytom
94%
ŁOÓGWG Głogów
88%
ZBEAZR Zabrze
88%
NKINO Konin
84%
OOKSRN Krosno
83%
YDCBZOZGS Bydgoszcz
80%
RZZIEG Zgierz
78%
ELEMCI Mielec
73%
TCŁWAÓEHB Bełchatów
70%
COWOKT Otwock
67%
ZEÓRWSZ Rzeszów
63%
CCŚĘTŁEWIHIOOW Świętochłowice
40%
TLOSWWAALOA Stalowa Wola
38%
GEONOLWOI Legionowo
23%
DIĄWLAIZŚOSŁWKS Wodzisław Śląski
22%
ISWRKSLÓLPOOKWOTEI Ostrów Wielkopolski
19%
Nie znaleziono quizów pasujących do podanych kryteriów
Rozkład punktacji
Procent ludzi z każdym wynikiem
Percentyl według liczby udzielonych odpowiedzi
Twoja historia wyników
Nie rozwiązałeś tego quizu